Puí a trable v parku /
Uloženo v:
| Série: | Gekonek Puí,
část 2 |
|---|---|
| Hlavní autor: | |
| Další autoři: | |
| Médium: | Kniha |
| Jazyk: | Czech |
| Vydáno: |
Albrechtice nad Vltavou :
Gekonky,
2026
|
| Vydání: | První vydání |
| Edice: | Knížka s překvapením
|
| Celkem bylo vypůjčeno: | 0x |
| Příbuzné jednotky: | Z cyklu::
Gekonek Puí |
| Tagy: |
Žádné tagy |
| LEADER | 01172nam a2200325 i 4500 | ||
|---|---|---|---|
| 001 | 106734 | ||
| 003 | CZ PrNK | ||
| 005 | 20260703111736.0 | ||
| 007 | ta | ||
| 008 | 260619s2026 xr a 000 1 cze | ||
| 015 | |a cnb003765488 | ||
| 020 | |a 9788090646469 |q (vázáno) : |c Kč 349,00 | ||
| 040 | |a ABG001 |b cze |e rda | ||
| 100 | 1 | |a Svozilová, Kateřina, |d 1967- |7 xx0264412 |4 aut |9 116431 |4 ill | |
| 245 | 1 | 0 | |a Puí a trable v parku / |c Kateřina Svozilová, Vladimír Svozil |
| 250 | |a První vydání | ||
| 264 | 1 | |a Albrechtice nad Vltavou : |b Gekonky, |c 2026 | |
| 300 | |a 91 stran : |b barevné ilustrace ; |c 23 cm + |e obálka s překvapením (17 x 12 cm) | ||
| 336 | |a text |b txt |2 rdacontent | ||
| 337 | |a bez média |b n |2 rdamedia | ||
| 338 | |a svazek |b nc |2 rdacarrier | ||
| 490 | 1 | |a Knížka s překvapením | |
| 700 | 1 | |a Svozil, Vladimír |4 aut | |
| 710 | 2 | |a Gekonky (firma) |7 xx0342134 |4 pbl |9 117572 | |
| 787 | 0 | 8 | |i Z cyklu: |t Gekonek Puí |g 2 |
| 830 | 0 | |a Knížka s překvapením | |
| 910 | |a UOG502 | ||
| 942 | |2 ddc |c KN | ||
| 999 | |d 106734 | ||
| 993 | |0 0 |1 421180107465 |2 ddc |4 0 |6 M |7 0 |9 100250 |b 0 |c 107465 |d 2026-07-03 |e 0 |f M |g M |h 349.00 |i Koupě |l M |r 2026-07-03 |t 8 |w 2026-07-03 |y KN |z BELET |n | ||